Statistiken für Die Wuppertaler Schwebebahn

Klicken Sie hier um das Quiz zu spielen!

Allgemein

  • Dieses Quiz wurde 140 mal gespielt
  • Das Durchschnittsergebnis liegt bei 14 aus 20

Antwortstatistiken

Antwort% Korrekt
Oberbarmen Bahnhof
95%
Vohwinkel Schwebebahn
91%
Zoo/Stadion
90%
Hauptbahnhof
88%
Alter Markt
80%
Kluse
73%
Landgericht
73%
Pestalozzistraße
71%
Robert-Daum-Platz
70%
Adlerbrücke
68%
Sonnborner Straße
67%
Bruch
63%
Werther Brücke
63%
Wupperfeld
63%
Hammerstein
62%
Ohligsmühle
62%
Loher Brücke
58%
Westende
55%
Völklinger Straße
52%
Varresbecker Straße
51%

Verteilung der Resultate

Perzentil nach korrekt beantworteten Fragen

Anzahl Personen mit jedem Resultat

Ihre Resultats-Entwicklung

Sie haben dieses Quiz noch nicht gespielt